000 00898nmm a2200277 a 4500
001 ocm000924646
003 TR-IsHL
005 20201028145613.0
008 150110s2014 tu tur
007 cr cn
020 _a9786053310242
035 _a924646
_b(N$T)
050 0 4 _aPL230
_b.T372 2014
090 0 4 _aPL230
_b.T372 2014
100 1 _aTaş, Tevfik
245 1 0 _aDünyanın en ilginç yüzleri
_h[electronic resource] /
_cTevfik Taş ; çizen Sahar Bardaie
260 _aİstanbul :
_bEvrensel Basım Yayın,
_c2014
300 _a21 p.
650 4 _aDil ve Edebiyat
650 4 _aLanguage and Literature
650 0 _aÇocuk edebiyatı
650 0 _aChildren literature
650 7 _aLITERARY CRITICISM / Children's Literature
_2bisacsh
700 1 _aBardaie, Sahar
856 4 0 _uhttp://search.ebscohost.com/login.aspx?direct=true&scope=site&db=e011xww&AN=924646
999 _c10035
_d10035